| 000 | 01038nam a22002777i 4500 | ||
|---|---|---|---|
| 999 |
_c172591 _d172591 |
||
| 005 | 20190516144534.0 | ||
| 008 | 190516r20171990ii a j 000 f tam d | ||
| 020 |
_a9788183456272 _qpaperback _cRM15.00 |
||
| 040 |
_aPPAK _beng _cPPAK _erda |
||
| 082 | 0 | 4 |
_a398.2 _223 |
| 090 | 0 | 0 |
_a398.2 _bTHA _dK |
| 100 | 0 |
_6880-01 _aTharasan, _eauthor. |
|
| 245 | 1 | 0 |
_6880-02 _aAALAVUDINUM ATHISAYA VILAKKUM / _cTharasan |
| 250 | _aSeventh Edition. | ||
| 264 | 1 |
_6880-03 _aChennai : _bKavitha Publication, _c2017 |
|
| 300 |
_a136 pages : _billustrations ; _c18 cm |
||
| 336 |
_2rdacontent _atext |
||
| 337 |
_2rdamedia _aunmediated |
||
| 338 |
_2rdacarrier _avolume |
||
| 650 | 1 | 0 |
_aFolklore _vJuvenile literature |
| 650 | 2 | 0 |
_aTales _vJuvenile literature |
| 880 | 0 |
_6100-01 _aதராசன், _eauthor. |
|
| 880 | 1 | 0 |
_6245-02 _aஅலாவுதீனும் அதிசய விளக்கும் / _cதராசன் |
| 880 | 1 |
_6264-03 _aசென்னை : _bகவிதா பப்ளிகேஷன், _c2016 |
|
| 942 |
_2ddc _cB |
||